000 00747nam a2200241Ia 4500
003 OSt
005 20220926012017.0
006 a|||||r|||| 00| 0
007 ta
008 220923b |||||||| |||| 00| 0 eng d
020 _a9781680944976
_c10641.00
037 _bIN-00061, 14/02/2019, Kiran Book Service
_cGeneral Book
040 _aRTL
_cRTL
_beng
041 _2eng
_aeng
082 _aX:9-8, Q7
100 _aNAIMA Rahmaoui
_9315406
245 0 _aHuman resource management for organizational success
260 _aNew York
_bArcler Press
_c2017
300 _axv,244p
_ccm.
650 _aCommerce
942 _hX:9-8, Q7
_cGB
_2CC
999 _c621520
_d621520